<?xml version="1.0" encoding="UTF-8"?>
<record
    xmlns:xsi="http://www.w3.org/2001/XMLSchema-instance"
    xsi:schemaLocation="http://www.loc.gov/MARC21/slim http://www.loc.gov/standards/marcxml/schema/MARC21slim.xsd"
    xmlns="http://www.loc.gov/MARC21/slim">

  <leader>01040nam0a22002411  4500</leader>
  <controlfield tag="001">rc\1021919</controlfield>
  <controlfield tag="005">20250622081924.0</controlfield>
  <datafield tag="035" ind1=" " ind2=" ">
    <subfield code="a">(NLR Aleph) 006186526</subfield>
  </datafield>
  <datafield tag="090" ind1=" " ind2=" ">
    <subfield code="a">6121182</subfield>
    <subfield code="c">6121182</subfield>
  </datafield>
  <datafield tag="100" ind1=" " ind2=" ">
    <subfield code="a">20041129d1981    |||y0rusy50      ca</subfield>
  </datafield>
  <datafield tag="101" ind1="0" ind2=" ">
    <subfield code="a">rus</subfield>
  </datafield>
  <datafield tag="102" ind1=" " ind2=" ">
    <subfield code="a">RU</subfield>
  </datafield>
  <datafield tag="105" ind1=" " ind2=" ">
    <subfield code="a">y   |||||||||</subfield>
  </datafield>
  <datafield tag="200" ind1="1" ind2=" ">
    <subfield code="a">&#x41E;&#x442;&#x440;&#x430;&#x441;&#x43B;&#x435;&#x432;&#x430;&#x44F; &#x43C;&#x435;&#x442;&#x43E;&#x434;&#x438;&#x43A;&#x430; &#x43E;&#x446;&#x435;&#x43D;&#x43A;&#x438; &#x443;&#x440;&#x43E;&#x432;&#x43D;&#x44F; &#x43A;&#x430;&#x447;&#x435;&#x441;&#x442;&#x432;&#x430;. &#x41A;&#x43E;&#x43C;&#x43F;&#x43B;&#x435;&#x43A;&#x441;&#x44B; &#x43F;&#x440;&#x43E;&#x445;&#x43E;&#x434;&#x447;&#x435;&#x441;&#x43A;&#x438;&#x435; &#x43A;&#x43E;&#x43C;&#x431;&#x430;&#x439;&#x43D;&#x43E;&#x432;&#x44B;&#x435;</subfield>
    <subfield code="e">&#x41C; 12.44.049-79</subfield>
    <subfield code="e">&#x421;&#x440;&#x43E;&#x43A; &#x434;&#x435;&#x439;&#x441;&#x442;&#x432;&#x438;&#x44F; &#x441; 01.12.79 &#x434;&#x43E; 01.12.82</subfield>
    <subfield code="f">&#x41C;-&#x432;&#x43E; &#x443;&#x433;&#x43E;&#x43B;. &#x43F;&#x440;&#x43E;&#x43C;-&#x441;&#x442;&#x438; &#x421;&#x421;&#x421;&#x420;, &#x418;&#x43D;-&#x442; &#x433;&#x43E;&#x440;&#x43D;. &#x434;&#x435;&#x43B;&#x430; &#x438;&#x43C;. &#x410;.&#x410;. &#x421;&#x43A;&#x43E;&#x447;&#x438;&#x43D;&#x441;&#x43A;&#x43E;&#x433;&#x43E;, &#x426;&#x41D;&#x418;&#x418;&#x43F;&#x43E;&#x434;&#x437;&#x435;&#x43C;&#x43C;&#x430;&#x448;</subfield>
    <subfield code="g">[&#x41E;&#x442;&#x432;. &#x438;&#x441;&#x43F;&#x43E;&#x43B;&#x43D;. &#x43A;&#x430;&#x43D;&#x434;&#x438;&#x434;&#x430;&#x442;&#x44B; &#x442;&#x435;&#x445;&#x43D;. &#x43D;&#x430;&#x443;&#x43A; &#x412;.&#x41B;. &#x414;&#x43E;&#x43B;&#x433;&#x43E;&#x432;, &#x421;.&#x421;. &#x417;&#x438;&#x43C;&#x430;&#x43D;&#x435;&#x43D;&#x43A;&#x43E;]</subfield>
  </datafield>
  <datafield tag="210" ind1=" " ind2=" ">
    <subfield code="a">&#x41C;.</subfield>
    <subfield code="c">&#x411;. &#x438;.</subfield>
    <subfield code="d">1981</subfield>
  </datafield>
  <datafield tag="215" ind1=" " ind2=" ">
    <subfield code="a">32 &#x441;.</subfield>
    <subfield code="d">20</subfield>
  </datafield>
  <datafield tag="320" ind1=" " ind2=" ">
    <subfield code="a">&#x411;&#x438;&#x431;&#x43B;&#x438;&#x43E;&#x433;&#x440;.: &#x441;. 30-31</subfield>
  </datafield>
  <datafield tag="333" ind1=" " ind2=" ">
    <subfield code="a">&#x414;&#x421;&#x41F;. &#x42D;&#x43A;&#x437;. &#x2116; 195</subfield>
  </datafield>
  <datafield tag="801" ind1=" " ind2="0">
    <subfield code="a">RU</subfield>
    <subfield code="b">NLR</subfield>
    <subfield code="g">psbo</subfield>
  </datafield>
  <datafield tag="801" ind1=" " ind2="1">
    <subfield code="a">RU</subfield>
    <subfield code="b">ELAR</subfield>
    <subfield code="2">rusmarc</subfield>
  </datafield>
  <datafield tag="852" ind1=" " ind2=" ">
    <subfield code="a">NLR</subfield>
    <subfield code="j">81-50&#x41A;/3128</subfield>
  </datafield>
  <datafield tag="942" ind1=" " ind2=" ">
    <subfield code="c">BOOK</subfield>
  </datafield>
  <datafield tag="980" ind1=" " ind2=" ">
    <subfield code="a">NB</subfield>
  </datafield>
  <datafield tag="995" ind1=" " ind2=" ">
    <subfield code="5">2013-10-26</subfield>
    <subfield code="b">NLR01</subfield>
    <subfield code="c">NLR01</subfield>
    <subfield code="e">NZ5</subfield>
    <subfield code="f">6186526-10</subfield>
    <subfield code="k">81-50&#x41A;/3128</subfield>
    <subfield code="o">0</subfield>
    <subfield code="r">BOOK</subfield>
    <subfield code="s">81503128_</subfield>
  </datafield>
</record>
